[Event "TCh-FRA Top 12 2011"]
[Site "Mulhouse FRA"]
[Date "2011.06.02"]
[Round "8"]
[White "Hisler, Thomas"]
[Black "Relange, Eloi"]
[Result "1/2-1/2"]
[BlackTitle "GM"]
[WhiteElo "2262"]
[BlackElo "2466"]
[WhiteTeam "Club d'Echecs Metz Fischer"]
[BlackTeam "Evry Grand Roque"]
[WhiteFideId "617997"]
[BlackFideId "600822"]
[EventDate "2011.05.26"]

1. e4 c5 2. Nc3 Nc6 3. g3 g6 4. Bg2 Bg7 5. d3 d6 6. Be3 Rb8 7. Qd2 b5 8. Nge2
Nd4 9. O-O h5 10. b4 Nxe2+ 11. Nxe2 Bxa1 12. Rxa1 cxb4 13. Bxa7 Ra8 14. Qxb4 Bd7
15. Bd4 Nf6 16. Bxf6 exf6 17. e5 Ra6 18. exd6 Qb6 19. Qe4+ Be6 20. Nd4 Qxd6 21.
Nxe6 Qxe6 22. Qb4 Qd6 23. Qxb5+ Kf8 24. a4 Kg7 25. Rb1 h4 26. d4 Rh5 27. d5 h3
28. Bf1 Ra8 29. c4 Rhh8 30. Qb4 Qe5 31. Ra1 1/2-1/2

[Event "TCh-FRA Top 12 2011"]
[Site "Mulhouse FRA"]
[Date "2011.06.02"]
[Round "8"]
[White "Landa, Konstantin"]
[Black "Bratanov, Zsivko"]
[Result "1-0"]
[WhiteTitle "GM"]
[BlackTitle "IM"]
[WhiteElo "2613"]
[BlackElo "2465"]
[WhiteTeam "Vandoeuvre-Echecs"]
[BlackTeam "C.E. de Rueil Malmaison"]
[WhiteFideId "4101685"]
[BlackFideId "2904268"]
[EventDate "2011.05.26"]

1. e4 d6 2. d4 Nf6 3. Bd3 g6 4. Nf3 Bg7 5. O-O O-O 6. c3 c5 7. h3 Nc6 8. d5 Ne5
9. Nxe5 dxe5 10. Be3 b6 11. a4 Ne8 12. a5 Rb8 13. b4 Qc7 14. Nd2 cxb4 15. axb6
axb6 16. c4 f5 17. f3 Nd6 18. Qb3 Nf7 19. Qxb4 Bh6 20. Bxh6 Nxh6 21. Rfb1 Rb7
22. Ra6 Rf6 23. Ra8 Kg7 24. Qb5 Bd7 25. Qb4 Bc8 26. Nb3 Rf8 27. c5 bxc5 28. Qxc5
Qxc5+ 29. Nxc5 Rxb1+ 30. Bxb1 Nf7 31. Ra7 Kf6 32. Bd3 Nd6 33. Ba6 fxe4 34. fxe4
Kg5 35. Rxe7 Bxa6 36. Ne6+ Kf6 37. Rd7 Rc8 38. Rxd6 Rc1+ 39. Kf2 Rc2+ 40. Ke3
Re2+ 41. Kf3 1-0

[Event "TCh-FRA Top 12 2011"]
[Site "Mulhouse FRA"]
[Date "2011.06.02"]
[Round "8"]
[White "Battaglini, Gabriel"]
[Black "Brunner, Nicolas"]
[Result "0-1"]
[WhiteTitle "IM"]
[BlackTitle "IM"]
[WhiteElo "2412"]
[BlackElo "2450"]
[WhiteTeam "C.E. de Rueil Malmaison"]
[BlackTeam "Vandoeuvre-Echecs"]
[WhiteFideId "621650"]
[BlackFideId "620246"]
[EventDate "2011.05.26"]

1. d4 Nf6 2. c4 e6 3. Nc3 Bb4 4. g3 c5 5. Nf3 Nc6 6. Bg2 Ne4 7. Qd3 cxd4 8. Nxd4
Nxc3 9. bxc3 Ne5 10. Qc2 Be7 11. O-O Nxc4 12. Rd1 O-O 13. Be4 h6 14. Qb3 d5 15.
Bb1 Qb6 16. Qc2 f5 17. a4 Bd7 18. Ba2 Qc7 19. Rb1 b6 20. Bf4 Qc5 21. Nb5 a6 22.
Nd4 Na3 23. Qd3 Nxb1 24. Rxb1 Rac8 25. Qxa6 Bf6 26. Qb7 Rf7 27. Rxb6 Qxc3 28.
Nxf5 Qa1+ 29. Kg2 Qxa2 30. Nd6 Rcf8 31. Nxf7 Rxf7 32. Rd6 Qxa4 33. Ra6 Qe4+ 34.
Kg1 Qxe2 35. Ra8+ Kh7 36. Qb1+ Qe4 37. Qb8 Bd4 0-1

[Event "TCh-FRA Top 12 2011"]
[Site "Mulhouse FRA"]
[Date "2011.06.02"]
[Round "8"]
[White "Philippe, Christophe"]
[Black "Manoeuvre, Antoine"]
[Result "1/2-1/2"]
[WhiteTitle "IM"]
[WhiteElo "2422"]
[BlackElo "2215"]
[WhiteTeam "Vandoeuvre-Echecs"]
[BlackTeam "C.E. de Rueil Malmaison"]
[WhiteFideId "610038"]
[BlackFideId "655422"]
[EventDate "2011.05.26"]

1. d4 Nf6 2. Nf3 g6 3. Nc3 d5 4. Bf4 Bg7 5. Qd2 Ne4 6. Nxe4 dxe4 7. Ne5 Be6 8.
e3 O-O 9. Be2 Nd7 10. Nxd7 Qxd7 11. c4 Bf5 12. O-O-O Rfe8 13. Qc2 e5 14. dxe5
Qe7 15. g4 Bd7 16. h4 Bc6 17. h5 g5 18. h6 Bxe5 19. Bxe5 Qxe5 20. Rd4 a5 21. Qc3
b6 22. Rh5 Re6 23. Qd2 Rae8 24. Rd8 f6 25. Rh1 Rxd8 26. Qxd8+ Re8 27. Qd4 Re7
28. Kc2 Kf7 29. Kc3 Rd7 30. Qxe5 fxe5 31. b3 Kg6 32. a3 Rf7 33. Rh2 Rf8 34. Bd1
Bd7 35. b4 c5 36. Bc2 Bc6 37. b5 Bb7 38. Kd2 Rf7 39. Ke2 Kf6 40. Rh1 Rd7 41. Rh2
Ba8 1/2-1/2

[Event "TCh-FRA Top 12 2011"]
[Site "Mulhouse FRA"]
[Date "2011.06.02"]
[Round "8"]
[White "Wilson, Alexandra"]
[Black "Steil-Antoni, Fiona"]
[Result "0-1"]
[WhiteTitle "WFM"]
[BlackTitle "WIM"]
[WhiteElo "2021"]
[BlackElo "2093"]
[WhiteTeam "C.E. de Rueil Malmaison"]
[BlackTeam "Vandoeuvre-Echecs"]
[WhiteFideId "411000"]
[BlackFideId "4001249"]
[EventDate "2011.05.26"]

1. e4 e5 2. f4 Bc5 3. Nc3 Bxg1 4. Rxg1 exf4 5. Qh5 d6 6. Bc4 g6 7. Qf3 Qh4+ 8.
Kf1 Nf6 9. d4 g5 10. h3 Nc6 11. Ne2 O-O 12. Bd2 Re8 13. Bd3 Qh5 14. g4 Qh6 15.
c3 Bd7 16. Ke1 Re7 17. Nxf4 Qh4+ 18. Kd1 gxf4 19. Bxf4 Rae8 20. Bg3 Qg5 21. Bf4
Qg7 22. Bh6 Qxh6 23. g5 Qg7 24. gxf6 Qxg1+ 25. Kc2 Qh2+ 26. Kb3 Na5+ 27. Ka3
Rxe4 28. Bxe4 Nc4+ 29. Kb4 Qxb2+ 0-1

[Event "TCh-FRA Top 12 2011"]
[Site "Mulhouse FRA"]
[Date "2011.06.02"]
[Round "8"]
[White "Bogner, Sebastian"]
[Black "Gozzoli, Yannick"]
[Result "1/2-1/2"]
[WhiteTitle "GM"]
[BlackTitle "IM"]
[WhiteElo "2526"]
[BlackElo "2530"]
[WhiteTeam "Mulhouse Philidor"]
[BlackTeam "Marseille Echecs"]
[WhiteFideId "4692055"]
[BlackFideId "616915"]
[EventDate "2011.05.26"]

1. d4 Nf6 2. c4 e6 3. Nc3 c5 4. d5 exd5 5. cxd5 d6 6. Nf3 g6 7. Bf4 Bg7 8. Qa4+
Bd7 9. Qb3 Bc8 10. e3 O-O 11. Be2 Nh5 12. Bg5 f6 13. Bh4 g5 14. Nd2 gxh4 15.
Bxh5 f5 16. Nc4 Nd7 17. Nxd6 Nf6 18. Nxc8 Nxh5 19. d6+ Kh8 20. Qd1 Rxc8 21. Qxh5
Qxd6 22. O-O f4 23. Rad1 Qe5 24. Qxe5 Bxe5 25. Rd5 Bg7 26. Rd7 c4 27. Rfd1 b5
28. Rb7 Rcd8 29. Rxd8 Rxd8 30. Kf1 fxe3 31. fxe3 Bxc3 32. bxc3 Rd3 33. Rxb5 Rxe3
34. Ra5 1/2-1/2

[Event "TCh-FRA Top 12 2011"]
[Site "Mulhouse FRA"]
[Date "2011.06.02"]
[Round "8"]
[White "Bricard, Emmanuel"]
[Black "Collas, Didier"]
[Result "0-1"]
[WhiteTitle "GM"]
[BlackTitle "IM"]
[WhiteElo "2492"]
[BlackElo "2381"]
[WhiteTeam "Mulhouse Philidor"]
[BlackTeam "Marseille Echecs"]
[WhiteFideId "600245"]
[BlackFideId "602680"]
[EventDate "2011.05.26"]

1. Nf3 c5 2. b3 d5 3. e3 Nf6 4. Bb2 Nc6 5. Bb5 Bd7 6. O-O a6 7. Bxc6 Bxc6 8. d3
e6 9. Ne5 Rc8 10. Nd2 Be7 11. Qe2 O-O 12. e4 Be8 13. Rae1 d4 14. f4 Nd7 15. Nxd7
Bxd7 16. e5 Bc6 17. Ne4 Qd5 18. c4 dxc3 19. Bxc3 Rfd8 20. Rf3 b5 21. Rg3 g6 22.
Qg4 c4 23. bxc4 bxc4 24. d4 Qxe4 25. Rxe4 Bxe4 26. Re3 Bd3 27. Qd1 Rd5 28. Qa4
a5 29. Re1 Rb8 30. Rc1 Bb4 31. g3 Bxc3 32. Rxc3 Rb2 33. f5 gxf5 34. Qe8+ Kg7 35.
Qe7 Rxd4 36. Qg5+ Kf8 37. Rc1 Be4 38. Qh5 Rdd2 39. Rd1 Rxd1+ 0-1

[Event "TCh-FRA Top 12 2011"]
[Site "Mulhouse FRA"]
[Date "2011.06.02"]
[Round "8"]
[White "Delorme, Laurie"]
[Black "Choisy, Mathilde"]
[Result "1-0"]
[WhiteTitle "WIM"]
[BlackTitle "WFM"]
[WhiteElo "2204"]
[BlackElo "2207"]
[WhiteTeam "Marseille Echecs"]
[BlackTeam "Mulhouse Philidor"]
[WhiteFideId "630829"]
[BlackFideId "634565"]
[EventDate "2011.05.26"]

1. d4 Nf6 2. c4 g6 3. Nc3 Bg7 4. e4 d6 5. Nf3 O-O 6. h3 e5 7. dxe5 dxe5 8. Be3
c6 9. c5 Qa5 10. Nd2 Be6 11. a3 Rd8 12. Be2 Qc7 13. O-O Nbd7 14. Qc2 Nf8 15.
Rfd1 Rd7 16. Nc4 Rad8 17. Rf1 Ne8 18. Qa4 Bxc4 19. Bxc4 Qb8 20. Qb3 Nc7 21. Bg5
Re8 22. Rad1 Nce6 23. Bxe6 Rxe6 24. Rxd7 Nxd7 25. Rd1 Qc7 26. Qc4 Re8 27. b4 Nf8
28. Bh4 Ne6 29. Bg3 Rd8 30. Qe2 Nd4 31. Qg4 h5 32. Qg5 Re8 33. Rxd4 1-0

[Event "TCh-FRA Top 12 2011"]
[Site "Mulhouse FRA"]
[Date "2011.06.02"]
[Round "8"]
[White "Barsov, Alexei"]
[Black "Pelletier, Yannick"]
[Result "1/2-1/2"]
[WhiteTitle "GM"]
[BlackTitle "GM"]
[WhiteElo "2521"]
[BlackElo "2587"]
[WhiteTeam "L'Echiquier Chalonnais"]
[BlackTeam "Clichy-Echecs-92"]
[WhiteFideId "14200082"]
[BlackFideId "1301837"]
[EventDate "2011.05.26"]

1. d4 Nf6 2. c4 e6 3. Nf3 d5 4. Nc3 dxc4 5. e3 a6 6. a4 b6 7. Bxc4 Bb7 8. O-O
Bb4 9. Qb3 Qe7 10. Bd2 O-O 11. Ne4 Bxd2 12. Nexd2 Nbd7 13. Rfc1 Rfc8 14. Be2 c5
15. Nc4 Bd5 16. Qd1 a5 17. h3 h6 18. dxc5 Rxc5 19. Nd4 Rac8 20. b3 Bxc4 21. Rxc4
Rxc4 22. Bxc4 Ne5 23. Ba6 Rc5 24. Rc1 Nd5 25. Rxc5 Qxc5 26. Qc2 Nb4 27. Qe4 Nec6
28. Bc4 Qe5 1/2-1/2

[Event "TCh-FRA Top 12 2011"]
[Site "Mulhouse FRA"]
[Date "2011.06.02"]
[Round "8"]
[White "Tregubov, Pavel V."]
[Black "Demuth, Adrien"]
[Result "1/2-1/2"]
[WhiteTitle "GM"]
[BlackTitle "IM"]
[WhiteElo "2607"]
[BlackElo "2414"]
[WhiteTeam "Clichy-Echecs-92"]
[BlackTeam "L'Echiquier Chalonnais"]
[WhiteFideId "4115341"]
[BlackFideId "642274"]
[EventDate "2011.05.26"]

1. d4 d5 2. c4 c6 3. Nf3 Nf6 4. e3 Bg4 5. Nc3 e6 6. h3 Bxf3 7. Qxf3 Nbd7 8. Bd3
Bb4 9. a3 Bxc3+ 10. bxc3 Nb6 11. c5 Na4 12. Qd1 b5 13. cxb6 axb6 14. c4 O-O 15.
Bc2 b5 16. c5 Qe7 17. O-O e5 18. Qd3 e4 19. Qd2 Nd7 20. Rb1 Ra7 21. Rb3 f5 22.
Qe2 Nf6 23. Bd2 g6 24. Rb4 Rfa8 25. Rfb1 h6 26. Be1 Kh7 27. Qd2 Nh5 28. f3 exf3
29. gxf3 Re8 30. Bf2 f4 31. e4 dxe4 32. Bxe4 Qg5+ 33. Kh1 Ng3+ 1/2-1/2

[Event "TCh-FRA Top 12 2011"]
[Site "Mulhouse FRA"]
[Date "2011.06.02"]
[Round "8"]
[White "Vernay, Clovis"]
[Black "Hamdouchi, Hicham"]
[Result "0-1"]
[WhiteTitle "IM"]
[BlackTitle "GM"]
[WhiteElo "2462"]
[BlackElo "2593"]
[WhiteTeam "L'Echiquier Chalonnais"]
[BlackTeam "Clichy-Echecs-92"]
[WhiteFideId "633046"]
[BlackFideId "9000011"]
[EventDate "2011.05.26"]

1. d4 d6 2. c4 e5 3. Nc3 exd4 4. Qxd4 Nc6 5. Qd2 Nf6 6. Nf3 g6 7. b3 Bg7 8. Bb2
O-O 9. e3 Be6 10. Rd1 a5 11. Be2 Qe7 12. O-O Rfd8 13. Ba3 Qe8 14. Nb5 Rd7 15.
Nfd4 Nxd4 16. exd4 d5 17. Qf4 a4 18. Bb4 axb3 19. axb3 Ra2 20. Nxc7 Rxc7 21.
Qxc7 Rxe2 22. Rfe1 Rxe1+ 23. Rxe1 Ne4 24. Rd1 h5 25. Qxb7 Qd8 26. f3 Nd6 27.
Bxd6 Qxd6 28. c5 Qf4 29. Qb4 Be5 30. Kf1 Bc7 0-1

[Event "TCh-FRA Top 12 2011"]
[Site "Mulhouse FRA"]
[Date "2011.06.02"]
[Round "8"]
[White "Muller, Anne"]
[Black "Skripchenko, Almira"]
[Result "0-1"]
[WhiteTitle "WIM"]
[BlackTitle "IM"]
[WhiteElo "2152"]
[BlackElo "2462"]
[WhiteTeam "L'Echiquier Chalonnais"]
[BlackTeam "Clichy-Echecs-92"]
[WhiteFideId "604674"]
[BlackFideId "13900145"]
[EventDate "2011.05.26"]

1. e4 d5 2. exd5 Nf6 3. Nf3 Nxd5 4. d4 g6 5. c3 Bg7 6. Bd3 O-O 7. O-O Bg4 8.
Nbd2 c5 9. h3 Bc8 10. Ne4 cxd4 11. Nxd4 Nc6 12. Nxc6 bxc6 13. Re1 f5 14. Nc5 e5
15. c4 Nc7 16. Bf1 Qe7 17. Nb3 Ne6 18. Bd2 e4 19. Qc2 c5 20. Rad1 Nd4 21. Qc1
Be6 22. Bg5 Qc7 23. Bf4 Qc6 24. Nd2 h6 25. h4 Kh7 26. Nb1 Rad8 27. Nc3 Rd7 28.
Be3 Rfd8 29. Bf4 Bf7 30. Be3 Qf6 31. Nd5 Bxd5 32. cxd5 Rxd5 33. Bc4 R5d7 34. Bf1
Qxh4 0-1

[Event "TCh-FRA Top 12 2011"]
[Site "Mulhouse FRA"]
[Date "2011.06.03"]
[Round "9"]
[White "Istratescu, Andrei"]
[Black "Dorfman, Iossif"]
[Result "1/2-1/2"]
[WhiteTitle "GM"]
[BlackTitle "GM"]
[WhiteElo "2623"]
[BlackElo "2585"]
[WhiteTeam "Marseille Echecs"]
[BlackTeam "Evry Grand Roque"]
[WhiteFideId "1200372"]
[BlackFideId "604011"]
[EventDate "2011.05.26"]

1. e4 e5 2. Nf3 Nc6 3. Bc4 Bc5 4. c3 Nf6 5. b4 Bb6 6. d3 d6 7. O-O Ne7 8. Bg5
Ng6 9. Nh4 Nxh4 10. Bxh4 h6 11. Nd2 g5 12. Bg3 Bg4 13. Qb3 O-O 14. Kh1 Nh5 15.
h3 Bd7 16. Qd1 Nf4 17. Bb3 a5 18. Nc4 axb4 19. Nxb6 cxb6 20. cxb4 Qf6 21. a4
Rfc8 1/2-1/2

[Event "TCh-FRA Top 12 2011"]
[Site "Mulhouse FRA"]
[Date "2011.06.03"]
[Round "9"]
[White "Relange, Eloi"]
[Black "Delorme, Laurie"]
[Result "1-0"]
[WhiteTitle "GM"]
[BlackTitle "WIM"]
[WhiteElo "2466"]
[BlackElo "2204"]
[WhiteTeam "Evry Grand Roque"]
[BlackTeam "Marseille Echecs"]
[WhiteFideId "600822"]
[BlackFideId "630829"]
[EventDate "2011.05.26"]

1. c4 e5 2. Nc3 Nf6 3. e3 d5 4. cxd5 Nxd5 5. Nf3 Nc6 6. Qc2 Be7 7. a3 O-O 8. Bd3
Kh8 9. Be2 Be6 10. O-O Nb6 11. b4 f6 12. Bb2 Qe8 13. Ne4 Qf7 14. d3 Rac8 15.
Rac1 a5 16. b5 Na7 17. d4 Bb3 18. Qb1 Nc4 19. dxe5 Nxa3 20. Qa1 N7xb5 21. exf6
gxf6 22. Bxb5 Nxb5 23. Qxa5 c6 24. Qb6 Bd5 25. Neg5 Qg6 26. e4 Bxe4 27. Nxe4
Qxe4 28. Rfe1 Qb4 29. Ba1 Kg8 30. Qe3 Rce8 31. Qe6+ Kh8 32. Qd7 Qf4 33. Re3 Qc7
34. Rd1 Rd8 35. Rxe7 Qxd7 36. Rdxd7 Rxd7 37. Rxd7 b6 38. g4 h6 39. Rb7 Kg8 40.
Rxb6 Nc7 41. Rxc6 Nd5 42. Rd6 1-0

[Event "TCh-FRA Top 12 2011"]
[Site "Mulhouse FRA"]
[Date "2011.06.03"]
[Round "9"]
[White "Fressinet, Laurent"]
[Black "Bogner, Sebastian"]
[Result "1/2-1/2"]
[WhiteTitle "GM"]
[BlackTitle "GM"]
[WhiteElo "2677"]
[BlackElo "2526"]
[WhiteTeam "Clichy-Echecs-92"]
[BlackTeam "Mulhouse Philidor"]
[WhiteFideId "608742"]
[BlackFideId "4692055"]
[EventDate "2011.05.26"]

1. d4 d5 2. c4 c6 3. Nc3 Nf6 4. e3 a6 5. Nf3 b5 6. b3 Bg4 7. Be2 e6 8. h3 Bh5 9.
O-O Bd6 10. Bb2 Nbd7 11. Ne5 Bxe2 12. Nxe2 Qc7 13. cxd5 cxd5 14. Rc1 Qb8 15.
Nxd7 Kxd7 16. f3 Qb7 17. Nf4 Bxf4 18. exf4 Rhc8 19. Rc5 b4 20. f5 Rc6 21. fxe6+
Rxe6 22. Bc1 Rc8 23. Bg5 h6 24. Bxf6 Rxf6 25. Qc2 Rxc5 26. Qxc5 Rd6 27. Rc1 Ke7
28. Re1+ Kd7 29. Qc2 Re6 30. Qf5 Ke7 31. Rc1 Qd7 32. Qf4 Rd6 33. Qe5+ Kf8 34.
Rc8+ Qxc8 35. Qxd6+ Kg8 36. Qxd5 Qc1+ 37. Kf2 Qd2+ 38. Kg3 Qxa2 39. Qa8+ Kh7 40.
Qe4+ g6 41. d5 Qd2 42. Qe5 g5 43. d6 Kg6 44. h4 gxh4+ 45. Kh3 a5 46. Qe4+ Kg7
47. Qe5+ Kg6 48. Qe4+ Kg7 49. Qe5+ 1/2-1/2

[Event "TCh-FRA Top 12 2011"]
[Site "Mulhouse FRA"]
[Date "2011.06.03"]
[Round "9"]
[White "Hamdouchi, Hicham"]
[Black "Sokolov, Andrei1"]
[Result "1-0"]
[WhiteTitle "GM"]
[BlackTitle "GM"]
[WhiteElo "2593"]
[BlackElo "2573"]
[WhiteTeam "Clichy-Echecs-92"]
[BlackTeam "Mulhouse Philidor"]
[WhiteFideId "9000011"]
[BlackFideId "627089"]
[EventDate "2011.05.26"]

1. e4 c5 2. Nf3 e6 3. d4 cxd4 4. Nxd4 Nf6 5. Nc3 d6 6. g4 h6 7. Bg2 Nc6 8. h3
Bd7 9. f4 Nxd4 10. Qxd4 Bc6 11. Be3 Be7 12. O-O-O O-O 13. Rhg1 Nd7 14. Qd2 Rc8
15. h4 Nb6 16. Qe2 Na4 17. Nxa4 Bxa4 18. b3 Bd7 19. g5 Qa5 20. Kb1 h5 21. Bd4 g6
22. Qd2 Qc7 23. Bb2 b5 24. Bf3 Bc6 25. Qe2 Qb7 26. Rdf1 Rfe8 27. Bxh5 Bxe4 28.
Bf3 Bxf3 29. Rxf3 Bf8 30. h5 Bg7 31. Bf6 Qd5 32. Rd3 Qf5 33. hxg6 Qxg6 34. Qh2
Kf8 35. f5 exf5 36. Rxd6 f4 37. Bxg7+ Qxg7 38. Rf6 Re4 39. Rxf4 Qe5 40. Qh6+ Kg8
41. Rxe4 Qxe4 42. Qh2 Qg6 43. Rh1 Qg7 44. Qe2 Qg6 45. Rh2 b4 46. Qe5 Qg7 47. Qe4
Rd8 48. Rh1 a5 49. g6 Kf8 50. Rf1 Re8 51. Qf5 1-0

[Event "TCh-FRA Top 12 2011"]
[Site "Mulhouse FRA"]
[Date "2011.06.03"]
[Round "9"]
[White "Goldsztejn, Gildas"]
[Black "Tregubov, Pavel V."]
[Result "0-1"]
[WhiteTitle "IM"]
[BlackTitle "GM"]
[WhiteElo "2422"]
[BlackElo "2607"]
[WhiteTeam "Mulhouse Philidor"]
[BlackTeam "Clichy-Echecs-92"]
[WhiteFideId "612375"]
[BlackFideId "4115341"]
[EventDate "2011.05.26"]

1. Nf3 d5 2. d4 c6 3. c4 e6 4. Nc3 dxc4 5. a4 Bb4 6. e3 b5 7. Bd2 a5 8. axb5
Bxc3 9. Bxc3 cxb5 10. b3 Bb7 11. d5 Nf6 12. bxc4 b4 13. Bxf6 Qxf6 14. Qa4+ Nd7
15. Nd4 Qe7 16. Qb5 Rb8 17. Rxa5 Bxd5 18. Qa4 Be4 19. f3 O-O 20. fxe4 Qh4+ 21.
Kd1 Nf6 22. Bd3 Ng4 23. g3 Qh6 24. Nc6 Qxe3 25. Kc2 b3+ 26. Kc3 Nf2 27. Nxb8
Qxd3+ 28. Kb4 b2 29. Qb3 Qxb3+ 30. Kxb3 Nxh1 31. Kxb2 Rxb8+ 32. Kc3 Nf2 33. e5
f5 34. c5 Rc8 35. Kd4 Ng4 36. Ra6 Kf7 37. Ra7+ Kf8 38. Ra6 Rd8+ 39. Rd6 Ke7 40.
h3 0-1

[Event "TCh-FRA Top 12 2011"]
[Site "Mulhouse FRA"]
[Date "2011.06.03"]
[Round "9"]
[White "Maze, Sebastien"]
[Black "Riff, Jean-Noel"]
[Result "1-0"]
[WhiteTitle "GM"]
[BlackTitle "IM"]
[WhiteElo "2571"]
[BlackElo "2502"]
[WhiteTeam "Clichy-Echecs-92"]
[BlackTeam "Mulhouse Philidor"]
[WhiteFideId "613762"]
[BlackFideId "611190"]
[EventDate "2011.05.26"]

1. Nf3 Nf6 2. c4 e6 3. Nc3 Bb4 4. g3 c5 5. Bg2 Nc6 6. O-O O-O 7. d4 cxd4 8. Nxd4
a6 9. Bf4 Be7 10. Rc1 Qb6 11. Nb3 Qd8 12. c5 a5 13. Na4 Ra6 14. Nd4 Ne8 15. Qd2
Nxd4 16. Qxd4 Bf6 17. Qd2 e5 18. Be3 Be7 19. Nb6 Nf6 20. Rfd1 h6 21. h3 Qc7 22.
Qd3 Re8 23. Qb5 Qb8 24. Nxc8 Rxc8 25. Qxb7 Re6 26. Qxb8 Rxb8 27. b3 Ra6 28. c6
dxc6 29. Bxc6 Bb4 30. Rc4 g5 31. Bc1 Rbb6 32. Rd8+ Kg7 33. Rc8 Ng8 34. Bf3 Ne7
35. R8c7 Bd6 36. Rd7 Kf6 37. Bd2 Ke6 38. Rb7 Rxb7 39. Bxb7 Rb6 40. Bf3 Bb4 41.
Bc1 Rb8 42. e3 Rc8 43. Be2 Kd6 44. g4 f6 45. Kg2 Rxc4 46. Bxc4 Kc5 47. Bd3 Nc8
48. Kf3 Nd6 49. Bb2 Kd5 50. Ke2 Bc5 51. Bh7 Kc6 52. f4 Kd5 53. Kf3 e4+ 54. Ke2
Ke6 55. Bg8+ Ke7 56. Bd5 Bb6 57. a4 h5 58. gxh5 gxf4 59. exf4 Nf5 60. Bxe4 Ng3+
61. Kf3 Nxh5 62. Bg6 Ng7 63. f5 1-0

[Event "TCh-FRA Top 12 2011"]
[Site "Mulhouse FRA"]
[Date "2011.06.03"]
[Round "9"]
[White "Choisy, Mathilde"]
[Black "Skripchenko, Almira"]
[Result "0-1"]
[WhiteTitle "WFM"]
[BlackTitle "IM"]
[WhiteElo "2207"]
[BlackElo "2462"]
[WhiteTeam "Mulhouse Philidor"]
[BlackTeam "Clichy-Echecs-92"]
[WhiteFideId "634565"]
[BlackFideId "13900145"]
[EventDate "2011.05.26"]

1. e4 c6 2. d4 d5 3. f3 g6 4. Nc3 Bg7 5. Be3 Qb6 6. Na4 Qa5+ 7. c3 Nd7 8. b4 Qc7
9. Bd3 e5 10. Ne2 dxe4 11. fxe4 Ngf6 12. h3 O-O 13. O-O Re8 14. Qb3 b5 15. Nc5
Nxc5 16. dxc5 Bxh3 17. gxh3 Qd7 18. Rad1 Qxh3 19. Rxf6 Bxf6 20. Bf2 Rad8 21. c4
bxc4 22. Qxc4 Qg4+ 23. Kf1 Bh4 24. Bc2 Qf3 0-1

[Event "TCh-FRA Top 12 2011"]
[Site "Mulhouse FRA"]
[Date "2011.06.03"]
[Round "9"]
[White "David, Alberto"]
[Black "Bratanov, Zsivko"]
[Result "1-0"]
[WhiteTitle "GM"]
[BlackTitle "IM"]
[WhiteElo "2593"]
[BlackElo "2465"]
[WhiteTeam "Lutece Echecs"]
[BlackTeam "C.E. de Rueil Malmaison"]
[WhiteFideId "4000013"]
[BlackFideId "2904268"]
[EventDate "2011.05.26"]

1. d4 Nf6 2. c4 e6 3. Nc3 Bb4 4. g3 O-O 5. Bg2 d5 6. Nf3 dxc4 7. O-O Nc6 8. Bg5
h6 9. Bxf6 Qxf6 10. e3 Rd8 11. Nd2 e5 12. a3 Ba5 13. Nxc4 Bxc3 14. bxc3 Qe6 15.
Nd2 Qg6 16. Qb1 Qxb1 17. Rfxb1 Rb8 18. Rb5 Bd7 19. Rc5 Be8 20. Rb1 Kf8 21. Nc4
f6 22. Be4 Rdc8 23. dxe5 fxe5 24. Nxe5 Nxe5 25. Rxe5 b6 26. Rd1 Rd8 27. Rd4 c5
28. Rxd8 Rxd8 29. Rd5 Rb8 30. Kf1 Bf7 31. Rd7 a5 32. Bd5 Bxd5 33. Rxd5 Ke7 34.
Ke2 a4 35. Kd3 Ke6 36. e4 g5 37. f4 gxf4 38. gxf4 Rg8 39. Rh5 1-0

[Event "TCh-FRA Top 12 2011"]
[Site "Mulhouse FRA"]
[Date "2011.06.03"]
[Round "9"]
[White "Song, Julien"]
[Black "Babault, Patrice"]
[Result "1-0"]
[WhiteTitle "FM"]
[BlackTitle "FM"]
[WhiteElo "2325"]
[BlackElo "2400"]
[WhiteTeam "C.E. de Rueil Malmaison"]
[BlackTeam "Lutece Echecs"]
[WhiteFideId "659487"]
[BlackFideId "623822"]
[EventDate "2011.05.26"]

1. d4 Nf6 2. c4 g6 3. Nc3 Bg7 4. Nf3 O-O 5. Bg5 d6 6. e3 h6 7. Bh4 Bf5 8. Nd2 e5
9. d5 g5 10. Bg3 e4 11. Be2 Nbd7 12. O-O Qe7 13. Rc1 a5 14. a3 c5 15. dxc6 bxc6
16. Nb3 Ne5 17. Nd4 Bd7 18. Qc2 Ng6 19. Rfd1 Rfd8 20. b4 axb4 21. axb4 c5 22.
bxc5 dxc5 23. Ndb5 Ne5 24. Nxe4 Bf5 25. Nxf6+ Qxf6 26. Qb3 h5 27. Rd5 Rxd5 28.
cxd5 h4 29. Bxe5 Qxe5 30. h3 Ra1 31. Rd1 Bd7 32. Na3 f5 33. Nc4 Qxd5 34. Qb8+
Kh7 35. Rxa1 Bxa1 36. Qa7 Bg7 37. Nb6 Qd2 38. Qxd7 Qxe2 39. Qxf5+ Kh8 40. Qf8+
Kh7 41. Qf5+ Kh8 42. Qxg5 Kg8 43. Nd5 Qd2 44. Qd8+ Kf7 45. Qd7+ Kf8 46. Qf5+ Ke8
47. Qe6+ Kf8 48. Nf4 Bc3 49. Ng6+ Kg7 50. Nxh4 Qb2 51. Qg6+ Kf8 52. Qf5+ Kg7 53.
Nf3 Bb4 54. e4 Qc2 55. Qg5+ Kf7 56. Qd5+ Kf8 57. e5 Qf5 58. Qd8+ Kg7 59. Qg5+
Qxg5 60. Nxg5 Kg6 61. Nf3 Kf5 1-0

[Event "TCh-FRA Top 12 2011"]
[Site "Mulhouse FRA"]
[Date "2011.06.03"]
[Round "9"]
[White "Shoker, Samy"]
[Black "Dubessay, Bastien"]
[Result "1/2-1/2"]
[WhiteTitle "IM"]
[BlackTitle "FM"]
[WhiteElo "2466"]
[BlackElo "2325"]
[WhiteTeam "Lutece Echecs"]
[BlackTeam "C.E. de Rueil Malmaison"]
[WhiteFideId "627143"]
[BlackFideId "650048"]
[EventDate "2011.05.26"]

1. g3 Nf6 2. Bg2 d5 3. c4 g6 4. cxd5 Nxd5 5. Qb3 c6 6. Nc3 Nb6 7. Nf3 Bg7 8. O-O
O-O 9. d4 Na6 10. Bf4 Be6 11. Qc2 h6 12. h4 Nb4 13. Qc1 Kh7 14. h5 gxh5 15. Qb1+
Kg8 16. e4 Bg4 17. a3 Na6 18. Qc1 Bxf3 19. Bxf3 Qxd4 20. Bxh6 Qf6 21. Bxg7 Kxg7
22. Kg2 Rh8 23. e5 Qh6 24. Rh1 Qxc1 25. Raxc1 Nc5 26. Bxh5 Nd3 27. Rb1 Rad8 28.
f4 Nc4 29. Be2 Rxh1 30. Kxh1 b5 31. b4 a6 32. Kg1 Nd2 33. Ra1 Nb2 34. a4 Nb3 35.
Ra3 Nc1 36. axb5 axb5 37. Bf3 Rd3 38. Nb1 Nb3 39. Kf2 Nc4 40. Be2 Nxa3 41. Bxd3
Nxb1 42. Bxb1 c5 43. Bc2 c4 44. Ke3 Nc1 45. Bb1 f6 46. e6 f5 47. Bxf5 1/2-1/2